Kleppner's Advertising Procedure (Record no. 4494)

MARC details
000 -LEADER
fixed length control field 00341nam a2200145Ia 4500
008 - FIXED-LENGTH DATA ELEMENTS--GENERAL INFORMATION
fixed length control field 191201s2008 xx 000 0 und d
082 ## - DEWEY DECIMAL CLASSIFICATION NUMBER
Classification number 659.1
Item number LAA
100 ## - MAIN ENTRY--PERSONAL NAME
Personal name LANE, Ronald W
245 #0 - TITLE STATEMENT
Title Kleppner's Advertising Procedure
250 ## - EDITION STATEMENT
Edition statement 1st IMP
260 ## - PUBLICATION, DISTRIBUTION, ETC. (IMPRINT)
Place of publication, distribution, etc N. Delhi
Name of publisher, distributor, etc Pearson
Date of publication, distribution, etc 2008
300 ## - PHYSICAL DESCRIPTION
Extent 782
650 ## - SUBJECT ADDED ENTRY--TOPICAL TERM
Topical term or geographic name as entry element BBA
942 ## - ADDED ENTRY ELEMENTS (KOHA)
Source of classification or shelving scheme Dewey Decimal Classification
Koha item type Text Books
Holdings
Withdrawn status Lost status Source of classification or shelving scheme Damaged status Not for loan Collection code Home library Current library Date acquired Source of acquisition Cost, normal purchase price Bill Number Total Checkouts Full call number Acc. no. / Barcode Date last seen Date last borrowed Bill Date Koha item type
    Dewey Decimal Classification     BBA PIET C-LIBRARY PIET C-LIBRARY 26/04/2010 J B C, New Delhi 650.00 SI-4915 1 659.1 LAA 15277 06/08/2025 31/07/2025 11/03/2010 Text Books
    Dewey Decimal Classification     BBA PIET C-LIBRARY PIET C-LIBRARY 26/04/2010 J B C, New Delhi 650.00 SI-4915   659.1 LAA 15278 04/12/2019   11/03/2010 Text Books
    Dewey Decimal Classification     BBA PIET C-LIBRARY PIET C-LIBRARY 26/04/2010 J B C, New Delhi 650.00 SI-4915   659.1 LAA 15279 04/12/2019   11/03/2010 Text Books
    Dewey Decimal Classification     BBA PIET C-LIBRARY PIET C-LIBRARY 26/04/2010 J B C, New Delhi 650.00 SI-4915   659.1 LAA 15280 04/12/2019   11/03/2010 Text Books
    Dewey Decimal Classification     BBA PIET C-LIBRARY PIET C-LIBRARY 26/04/2010 J B C, New Delhi 650.00 SI-4915   659.1 LAA 15281 04/12/2019   11/03/2010 Text Books
    Dewey Decimal Classification     BBA PIET C-LIBRARY PIET C-LIBRARY 26/04/2010 J B C, New Delhi 650.00 SI-4915   659.1 LAA 15282 04/12/2019   11/03/2010 Text Books

Design & Developed by: PIET Central Library
R70 Miles Stone Pattikalyana Samalkha Panipat 132102
mail ID :- [email protected], Phone No:- 0180-2569700 Ex.216